Online
Catalog

México considerado como nación y libre : (Record no. 21348)

MARC details
000 -CABECERA
campo de control de longitud fija 01009nam a2200253 a 4500
001 - NÚMERO DE CONTROL
campo de control 000021850
003 - IDENTIFICADOR DEL NÚMERO DE CONTROL
campo de control DO-SdBNP
005 - FECHA Y HORA DE LA ÚLTIMA TRANSACCIÓN
campo de control 20231116090856.0
008 - DATOS DE LONGITUD FIJA--INFORMACIÓN GENERAL
campo de control de longitud fija 100913s1996 mx r 000 | spa d
020 ## - NÚMERO INTERNACIONAL ESTÁNDAR DEL LIBRO
Número Internacional Estándar del Libro 968299523x
040 ## - FUENTE DE LA CATALOGACIÓN
Centro catalogador/agencia de origen DO-SdBNP
Lengua de catalogación spa
Centro/agencia transcriptor BNPHU
082 #4 - NÚMERO DE LA CLASIFICACIÓN DECIMAL DEWEY
Número de clasificación 972.03
Número de documento/Ítem O77m
Número de edición 22
100 1# - ENTRADA PRINCIPAL--NOMBRE DE PERSONA
Nombre de persona Ortiz de Ayala, Tadeo
Fechas asociadas al nombre 1788-1833
9 (RLIN) 45367
245 10 - MENCIÓN DE TÍTULO
Título México considerado como nación y libre :
Resto del título o sea algunas indicaciones sobre los deberes más esenciales de los mexicanos /
Mención de responsabilidad, etc. Tadeo Ortiz de Ayala ; prólogo, Fernando Escalante Gonzalbo.
260 ## - PUBLICACIÓN, DISTRIBUCIÓN, ETC.
Lugar de publicación, distribución, etc. México D. F. :
Nombre del editor, distribuidor, etc. Dirección Nacional para la Cultura,
Fecha de publicación, distribución, etc. 1996.
490 0# - MENCIÓN DE SERIE
Mención de serie Cien de México
500 ## - NOTA GENERAL
Nota general Incluye índice y notas al pie de las páginas.
651 #4 - PUNTO DE ACCESO ADICIONAL DE MATERIA--NOMBRE GEOGRÁFICO
Nombre geográfico México
Subdivisión general Historia
Subdivisión cronológica Independencia, 1810-1822
9 (RLIN) 45368
651 #4 - PUNTO DE ACCESO ADICIONAL DE MATERIA--NOMBRE GEOGRÁFICO
Nombre geográfico México
Subdivisión general Condiciones sociales
9 (RLIN) 18553
651 #4 - PUNTO DE ACCESO ADICIONAL DE MATERIA--NOMBRE GEOGRÁFICO
Nombre geográfico México
Subdivisión general Condiciones económicas
9 (RLIN) 1069
700 1# - PUNTO DE ACCESO ADICIONAL--NOMBRE DE PERSONA
Nombre de persona Escalante Gonzalbo, Fernando
Término indicativo de función/relación pról.
9 (RLIN) 45369
830 #0 - PUNTO DE ACCESO ADICIONAL DE SERIE-TÍTULO UNIFORME
Título uniforme Cien de México
9 (RLIN) 28330
942 ## - ELEMENTOS DE PUNTO DE ACCESO ADICIONAL (KOHA)
Fuente del sistema de clasificación o colocación Dewey Decimal Classification
Tipo de ítem Koha Libro
Holdings
Estado de retiro Estado de pérdida Restricciones de uso No para préstamo Código de colección Localización permanente Ubicación/localización actual Ubicación en estantería Fecha de adquisición Número de inventario Total de préstamos Signatura topográfica completa Código de barras Fecha visto por última vez Precio válido a partir de Tipo de ítem Koha
        Monografías: Libros y Folletos General General En catalogación 13.09.2010 LF1   972.03 O77m 21850-10 25.06.2020 25.06.2020 Préstamo en sala

Powered by Koha